Test anticipado de carbonilla en cebolla /

Guardado en:
Autor Principal: Valdez, Nicolás.
Autor Corporativo: Universidad Nacional del Sur. Departamento de Agronomía.
Otros Autores: Delhey, Rolf, (tutor.)
Formato: Libro
Idioma:Spanish
Publicado: Bahía Blanca, 2007.
Etiquetas: Agregar Etiqueta
Sin Etiquetas, Sea el primero en etiquetar este registro!
LEADER 00665nam a22001695a 4500
001 EEA.libagro007913
005 20161107132326.0
008 130809s2007####ag#a##########000#0#spa#d
082 0 4 |a 635.2594 
100 1 |a Valdez, Nicolás. 
245 1 0 |a Test anticipado de carbonilla en cebolla /  |c Nicolás Valdez. 
260 |a Bahía Blanca,  |c 2007. 
300 |a 34 h. :  |b il. ;  |c 30 cm. 
500 |a Trabajo de intensificación (Ingeniero Agrónomo) -- Universidad Nacional del Sur. Departamento de Agronomía, 2007. 
700 1 |a Delhey, Rolf,  |e tutor. 
710 2 |a Universidad Nacional del Sur.  |b Departamento de Agronomía. 
859 |a AR-BbBCA  |b BIB. AGRONOMIA  |h 635.2594  |i V145  |p 2008/5302